000 00623nam a2200205 a 4500
001 2411
005 20140414131856.0
008 050601s19uu xx 00 eng d
020 _a971-518-025-6
050 _aFIL
_bSp4 2002
100 _aYia, Germaine
245 _aA spider story :
_b(isang kuwentong gagamba) /
_cstory by Germaine Yia ; illustrations by Liza Flores.
250 _aInternational Edition
260 _aManila, Philippines :
_bLampara Publishing House,
_c2002.
300 _a1 v. p. : ill. ; cm.
650 _aSpiders
_xFiction.
650 _aChildren stories.
999 _c110468
_d110468